|
|
|
|
| LEADER |
00983nam a2200313 4500 |
| 001 |
DLU110129882 |
| 005 |
##20111223 |
| 040 |
# |
# |
|a DLU
|b eng
|
| 041 |
# |
# |
|a eng
|
| 044 |
# |
# |
|a us
|
| 100 |
# |
# |
|a Milner, Richard N.C.
|
| 245 |
# |
# |
|a Know thine enemy's neighbor : neighbor size affects floaters' choice of whom to fight /
|c Richard N.C. Milner, Michael D. Jennions, Patricia R.Y. Backwell.
|
| 653 |
# |
# |
|a Coalitions
|
| 653 |
# |
# |
|a Fiddler crabs
|
| 653 |
# |
# |
|a Fight choice
|
| 653 |
# |
# |
|a Territoriality
|
| 653 |
# |
# |
|a Uca mjoebergi
|
| 700 |
# |
# |
|a Backwell, Patricia R.Y.
|
| 700 |
# |
# |
|a Jennions, Michael D.
|
| 773 |
# |
# |
|t Behavioral ecology
|g Vol. 22, no. 5 (September-October 2011), p. 947-950
|
| 920 |
# |
# |
|a Phòng Tạp chí -- Trung tâm Thông tin - Thư viện Trường Đại học Đà Lạt
|
| 994 |
# |
# |
|a DLU
|
| 900 |
# |
# |
|a True
|
| 911 |
# |
# |
|a Trương Bảo Trâm Anh
|
| 925 |
# |
# |
|a G
|
| 926 |
# |
# |
|a A
|
| 927 |
# |
# |
|a BB
|
| 980 |
# |
# |
|a Thư viện Trường Đại học Đà Lạt
|